00418nam a2200193Ia 4500003000900000008004100009040001300050040001300063041000800076100002000084245002500104250001400129260002000143260000900163300001100172300001000183490002500193490000600218IT-RoPAU120407s9999 xx 000 0 und d aIT-RoPAU cIT-RoPAU aita aCingiz Ajtmatov aBattello (il) bianco aPordenone aEd. Studio Tesi c1991 a162 p. c23 cm aIl flauto magico, 21 v1